[Event "Tan Chin Nam Cup 3rd "]
[Site "Beijing"]
[Date "1997.08.18"]
[Round "9"]
[White "Pigusov, Evgeny"]
[Black "Liang, Jinrong"]
[Result "1/2-1/2"]
[WhiteElo "2560"]
[BlackElo "2425"]
[Annotator "Ribli,Z"]
[PlyCount "74"]
[EventDate "1997.08.11"]
[EventType "tourn"]
[EventRounds "11"]
[EventCountry "CHN"]
[EventCategory "12"]
[SourceTitle "CBM 061"]
[Source "ChessBase"]
[SourceDate "1997.11.23"]
[SourceVersion "1"]
[SourceVersionDate "1997.11.23"]
[SourceQuality "1"]

1. Nf3 d5 2. g3 Nf6 3. Bg2 e6 {Natürlich ist das ein guter und normaler Zug.
Aber 3...c6 scheint mir noch besser.Ribli.} 4. O-O Be7 5. d4 O-O 6. c4 dxc4 7.
Qc2 a6 8. a4 Bd7 9. Qxc4 Bc6 10. Bg5 (10. Nc3 $2 b5) 10... Bd5 11. Qc2 {
Üblicher ist der andere Damezug 11.Qd3, aber die Partiefortsetzung hat auch
ihre Vorteile.} (11. Qd3 Be4 (11... c5 12. Nc3 Bc6 $5 13. Rfd1 cxd4 14. Nxd4
Bxg2 15. Kxg2 Qa5 (15... Nbd7 $5) 16. Bxf6 $1 Bxf6 17. Ne4 {1-0 Tukmakov,
V-Beliavsky,A/Portoroz 1996 (40)}) 12. Qe3 Nbd7 13. Nc3 Bc6 14. Qd3 Bb4 15.
Rfe1 (15. Rfd1 $5) 15... Bxf3 16. Qxf3 c6 {Beliavsky,A-Almasi,Z/Ubeda 1997/CBM
58/[Beliavsky]/1/2-1/2 (58)}) 11... Be4 12. Qc1 (12. Qd1 c5 13. Nbd2 (13. dxc5
Bxc5 14. Nc3 Bc6 15. Ne5 Bxg2 16. Qxd8 Rxd8 17. Kxg2 {1/2-1/2 Fridman,
D-Zarnicki,P/Erevan olm 1996 (50)}) 13... Bc6 14. dxc5 Bxc5 15. Nb3 Be7 16.
Qxd8 Rxd8 17. Na5 {Ribli,Z-Donev,I/AUT-chT96/97 1997/EXP 57/1/2-1/2 (53)})
12... Nc6 13. e3 (13. Rd1 $2 Bxf3 14. Bxf3 Nxd4 15. Bxf6 Bxf6 16. e3 Nb3 $19 {
.. 0-1 Vadasz,L-Kabatenski,A/Budapest FS03 IM-B 1994}) 13... Nb4 $5 $146 {
Eine völlig logische Neuerung. Schwarz nutzt die Schwächung des Feldes b4 aus
und schafft zugleich Platz für seinen Läufer. Der Springer war auch nicht gut
auf c6 platziert.} (13... Nd5 14. Bxe7 Qxe7 15. Nc3 Nxc3 16. bxc3 Na5 17. Nd2
Bxg2 18. Kxg2 c5 19. Qb2 Rac8 20. Qb6 Qc7 21. Rfb1 {Foisor,C-Amura,C/Jakarta
iztW 1993/EXT 93/1-0 (44)}) (13... a5 $6 14. Nc3 {Weiß hat Raumvorteil und ein
starkes Zentrum, während die Schwächung des Punktes b4 nicht ins Gewicht fällt.
}) 14. Nc3 Bc6 15. a5 {Weiß gewinnt Raum am Damenflügel und verhindert den Zug
a6-a5. Jetzt steht der Nb4 nicht so überzeugend.} (15. Rd1 $5) (15. Bxf6 Bxf6
16. e4 Bxd4 17. Rd1 Bxf2+ (17... e5 18. Nxe5 Re8 (18... Qe7 $2 19. Rxd4 Qxe5
20. Rxb4 $18) 19. Nf3 Bxf2+ 20. Kxf2 Nd3+ 21. Rxd3 Qxd3 $11) 18. Kxf2 Nd3+ 19.
Rxd3 Qxd3 $15) 15... Rc8 16. Rd1 Bxf3 (16... h6 17. Bxf6 Bxf6 18. e4 $14 {
[%csl Rb4,Gd4,Ge4] Das schwarze Läuferpaar ist nicht von Bedeutung, der weiße
Zentrumsvorteil macht sich hingegen bemerkbar.}) 17. Bxf3 $14 Nfd5 18. Bxe7
Qxe7 19. Na4 $6 {Dieser Zug gefällt mir nicht. Auf den ersten Blick findet der
weiße Springer einen guten Stützpunkt auf c5, aber Schwarz hat keine Probleme,
diesen Springerzug zu unterbinden.} (19. e4 Nxc3 20. bxc3 $14 Nc6 21. e5 {
[%csl Gf3][%cal Gf3b7] Weiss hat aktive "katalanische" Laeufer,und Druck am
Damenfluegel.Ribli.}) 19... b6 $8 20. Qd2 (20. e4 Nf6 (20... Qf6 $6 21. Bg2))
20... Rb8 (20... bxa5 $6 21. Nc5 {[%csl Ga1,Ra5,Ra6,Gc5][%cal Ga1a5]}) (20...
Rfd8 21. e4 Nf6 22. axb6 cxb6 23. Nxb6 Rc2 24. Qe3 Rxb2) 21. Rdc1 Rfd8 22. Nc3
{Dieser Springerzug räumt ein, daß es von a4 aus kein Fortkommen gibt.} (22.
axb6 cxb6 23. e4 Nf6 24. Bg2 $14) 22... Nf6 23. Na2 (23. axb6 cxb6 $14 (23...
Rxb6 {[%cal Gb6b2]} 24. Na4 Rb5 25. Nc5 $4 Rxc5 26. Rxc5 (26. Qxb4 Rxc1+ 27.
Rxc1 Qxb4) 26... Qxc5 27. dxc5 Rxd2)) 23... Nxa2 24. Rxa2 e5 $11 {Mit diesem
Zug erreicht Schwarz eine ausgeglichene Stellung, da die weißen Bauern am
Damenflügel ebenfalls geschwächt sind.} 25. Qc3 exd4 26. exd4 h6 27. axb6 (27.
Qxc7 Qxc7 28. Rxc7 Rxd4 29. axb6 Rxb6 $11) 27... Rxb6 28. Ra4 Nd5 {Der
Springer steht so gut auf d5, daß Weiß seinen Stolz, den Bf3, hergibt.} 29.
Bxd5 Rxd5 30. Rc4 (30. Qxc7 Qxc7 31. Rxc7 Rxb2 32. Rxa6 Rxd4 33. Ra8+ Kh7 34.
Rxf7 $14 {Weiß hat einen Mehrbauern, aber die Punktteilung ist wahrscheinlich.}
) 30... Rd7 31. Re1 (31. Rxc7 Rxc7 32. Qxc7 Qxc7 33. Rxc7 Rxb2 $11) 31... Re6
32. Re3 Qd6 33. Rxe6 Qxe6 34. Rc5 (34. Rxc7 Rxc7 35. Qxc7 Qe1+ 36. Kg2 Qe4+ 37.
Kh3 Qxd4 38. Qc8+ Kh7 39. Qxa6 Qxb2 $11) 34... Qe4 35. Rxc7 Rxd4 (35... Rxc7
36. Qxc7 Qxd4 $11) 36. Rc8+ Kh7 37. Qc2 Qxc2 {Und in ausgeglichener Stellung
wurde Remis gegeben.Ribli.} 1/2-1/2

[Event "Asia-ch"]
[Site "Kolkata"]
[Date "2001.08.15"]
[Round "9"]
[White "Donguines, Fernie"]
[Black "Villamayor, Buenaventura"]
[Result "0-1"]
[WhiteElo "2411"]
[BlackElo "2560"]
[Annotator "Ribli,Z"]
[PlyCount "126"]
[EventDate "2001.08.09"]
[EventType "swiss"]
[EventRounds "11"]
[EventCountry "IND"]
[SourceTitle "CBM 085"]
[Source "ChessBase"]
[SourceDate "2001.11.13"]
[SourceVersion "1"]
[SourceVersionDate "2001.11.13"]
[SourceQuality "1"]

1. c4 e6 2. Nf3 d5 3. g3 Nf6 4. Bg2 Be7 5. O-O O-O 6. d4 dxc4 7. Qc2 a6 8. a4 {
Weiß schwächt das Feld b4, verhindert damit aber b7-b5. Dieser Zug erfreut
sich in Großmeisterkreisen heutzutage sehr großer Popularität. Die frühere
Hauptvariante 8.Qxc4 wird schon vergleichsweise selten gespielt.} Bd7 9. Rd1 {
Das ist eine seltene Fortsetzung - die Idee dieses Zuges ist, den Pc4 noch
nicht zu erobern, sondern mittels Nc3 und e2-e4 ein starkes Zentrum aufzubauen.
} (9. Qxc4) 9... Bc6 10. Qxc4 {Im Zusammenhang mit 9.Rd1 ist dieser Zug
weniger logisch. Wenn Weiß schon 9.Rd1 spielt, sollte er nach 9...Bc6 mit 10.
Nc3 fortsetzen. Entscheidet er sich hingegen für 9.Qxc4, dann ist auf 9...Bc6
die Fortsetzung 10.Bg5 zu empfehlen.} (10. Nc3 Bxf3 11. Bxf3 Nc6 12. Bxc6 bxc6
13. a5 $11 (13. Bg5 $11)) 10... Bd5 11. Qc2 (11. Qc3 Nc6 12. b3 Nb4 13. Ba3 {
1/2-1/2 Ribli,Z-Ree,H/Amsterdam IBM 1978/MCL 08 (13)}) (11. Qd3 Nc6 12. Nc3 Nb4
13. Qb1 Bb3 14. Rd2 Qc8 15. Ra3 Bd5 16. e4 Bc6 17. Ne5 Rd8 18. Ra1 Be8 19. Rd1
b5 {1/2-1/2 Tukmakov,V-Vaganian,R/Leningrad 1987/CBM 03 (24)}) 11... Nc6 (11...
Be4 $5 {Hätte Weiß anstelle von 9.Rd1 9.Bg5 gespielt, dann könnte er nun mit
12.Qc1 oder 12.Qd1 fortsetzen.} 12. Qd2 c5 13. Nc3 Bc6 14. dxc5 Qxd2 15. Nxd2
Bxg2 16. Kxg2 Nbd7 17. b4 a5 18. bxa5 Bxc5 {1/2-1/2 Ftacnik,L-Lutz,C/Frankfurt
op activ 1996 (26)}) 12. Nbd2 {Dieser Springerzug sieht zwar ein wenig
unnatürlich aus, aber Weiß muss sich gegen 12...Bxf3 und 13...Nxd4 verteidigen.
Andererseits bereitet Springerzug auch 13.e4 vor. Der wesentliche Nachteil des
Zuges ist aber, dass der Bc1 nun passiv steht.} (12. Nc3 $2 Bxf3 $17) 12... Nb4
{Die Schwäche des Feldes b4 wird nun offensichtlich.} 13. Qb1 c5 {Das ist die
typische Methode, um Ausgleich herzustellen: Schwarz bereitet mit dem Textzug
den Abtausch des c-Bauern gegen den Pd4 vor.} (13... Bxf3 $6 14. Nxf3 a5 15. e4
c5 16. Be3 Ng4 17. Bd2 cxd4 18. h3 Nf6 19. Bxb4 Bxb4 20. Rxd4 Qe7 21. e5 Nd5
22. Qc2 Rac8 23. Rc4 Nb6 24. Rxc8 Rxc8 25. Qe2 {1-0 Larsen,B-Zarnicki,P/Santa
Clara del Mar 1993 (43)}) 14. e4 Bc6 15. e5 Nd7 $1 $146 {[%mdl 4] Wie in der
Slawischen Verteidigung des Damengambits ist dieser Springerzug nachhaltiger
als die scheinbar aktive Fortsetzung 15...Nfd5. Jetzt bleibt die Diagonale des
Bc6 offen, und der Nd7 attackiert den Pe5.} (15... Ne8 16. Ne4 c4 17. Be3 {
1/2-1/2 Giardelli,S-Hoffman,A/Buenos Aires 1988/EXT 88 (17)}) (15... Nfd5 16.
Ne4 $14) 16. Ne4 (16. dxc5 Nxc5 $15) 16... h6 {Schwarz sichert seine
Königsstellung und verteidigt sich gegen Bg5 oder Neg5.} (16... c4 $5 $13 {
[%cal Gb4d3] Bereitet den 16...Nd3 vor, ohne sich um 17.Neg5 zu kümmern.}) 17.
b3 (17. dxc5 Qc7 $11 (17... Bxe4 18. Qxe4 Nxc5 19. Rxd8 Nxe4 20. Rxa8 Rxa8 $11)
) 17... Bd5 {Ein vielseitiger Zug - Schwarz kann anschließend entweder 18...c4
oder 18...Nc6 ziehen. In beiden Fällen bekommt er gutes Spiel im Zentrum.} (
17... Qc7 $11) 18. Nc3 Bxf3 (18... Rc8 19. Nxd5 Nxd5 $11) 19. Bxf3 cxd4 20.
Rxd4 Qc7 $15 {[%cal Rc7c3,Rc7e5]} 21. Rc4 (21. Bf4 $2 Qxc3 22. Rxd7 Qxf3 23.
Rxe7 Rfd8 {[%csl Re7] Jetzt droht 24...Nd5.} (23... Nd5 24. Rd7 (24. Rxb7 Nxf4
$19) 24... Nxf4 $19) 24. Rc7 Nd5 $19) 21... Qa5 $5 (21... Nc6 22. Bxc6 bxc6 23.
f4 Nb6 24. Re4 Nd5 $15) 22. Bxb7 Rab8 23. Bg2 Nxe5 {[%csl Rc4] Schwarz schlägt
den wichtigen Zentrumsbauern auf e5. Der weiße Rc4 steht nun schlecht.} 24. Bf4
(24. Rd4 Nbc6 25. b4 Bxb4 $19) (24. Re4 Nbd3 $17) 24... Nxc4 25. Bxb8 Nd2 $1
$17 (25... Rxb8 26. bxc4 Bf6 $17) 26. Qd1 Rxb8 (26... Nxb3 27. Qxb3 Rxb8 $17)
27. Qxd2 Rd8 28. Qe2 (28. Qc1 Bf6 $19) 28... Bf6 29. Qc4 (29. Rc1 Nd3 $19)
29... Nd5 (29... Nd3 30. Rd1 $1 Qxc3 31. Qxc3 Bxc3 32. Be4 $11) 30. b4 $8 {
Dieser Zug verliert zwar einen Bauern, aber es ist die einzige Chance für Weiß
zu überleben.} Qxb4 (30... Nxb4 $17) 31. Qxb4 Nxb4 32. Rd1 Rxd1+ 33. Nxd1 Bd4
$1 {[%csl Gb4,Rd1,Gd4][%mdl 4096] Nun ist der Nd1 vollständig eingeschränkt.}
34. Kf1 Kf8 35. Ke2 Ke7 36. Kd2 (36. Ne3 Bxe3 {Dieser Tausch ist günstig für
Schwarz - die einzige (wenn auch nicht reale) Hoffnung für Weiß bestünde im
Tausch Springer gegen Springer, mit einem ungleichfarbigen Läuferendspiel.} 37.
Kxe3 Kd6 $17) 36... Kd6 37. Bf1 a5 38. Bb5 (38. h4) 38... g5 {Schwarz
mobilisiert seine Bauernmehrheit am Königsflügel.} 39. h3 f5 40. Be8 Ke7 (40...
Kd5) 41. Bb5 Kd6 42. Be8 {Weiß hat nichts anderes - er muss abwarten.} Kd5 43.
Bd7 {Weiß verhindert 43...e5, aber der Läufer kann nicht immer auf d7 bleiben.}
Na6 {[%cal Ga6c5]} 44. Bb5 (44. Ke2 Nc5 45. Bc8 $2 Kc6 $19 {[%csl Rc8][%cal
Rc6c7]}) 44... Nc5 45. Ke2 e5 46. Be8 Kc4 {Es droht ein weiterer Bauerngewinn
durch 47...Kb3.} 47. f4 {Der Pa4 ist nicht zu halten, deshalb muss Weiß so
viel Material wie möglich am Königsflügel tauschen.} (47. Bg6 f4 $19) 47...
exf4 48. gxf4 gxf4 49. Bg6 Nxa4 50. Bxf5 Kd5 (50... Nc5 $19) 51. Bg4 Nc5 52.
Bf3+ Ke5 53. Kd2 a4 $19 {[%csl Ga4] Schwarz hat schon zwei Bauern mehr, sein
entfernter a-Bauer ist besonders stark.} 54. Kc2 a3 55. Kb1 Ne4 56. Ka2 Bc5 {
[%csl Rd1] Ich möchte darauf hinweisen, dass dies seit 33...Bd4 der erste
schwarze Läuferzug ist. Jetzt, da die Zielfelder b2 und c3 des weißen
Springers kontrolliert sind, kann der Läufer das Feld d4 räumen.} 57. Bg4 (57.
Bxe4 Kxe4 58. Nc3+ Kd3 $19) 57... Kd4 58. Be2 Nc3+ $19 59. Nxc3 Kxc3 {Mit
seinen zwei Mehrbauern gewinnt Schwarz leicht - Weiß muss seinen Läufer für
den f-Bauern geben.} 60. Bf3 Kd3 61. Kb1 Ke3 62. Bd5 f3 63. Kc2 Ke2 0-1

[Event "Nordic-ch VISA"]
[Site "Reykjavik"]
[Date "1997.10.15"]
[Round "7"]
[White "Akesson, Ralf"]
[Black "Stefansson, Hannes"]
[Result "1/2-1/2"]
[WhiteElo "2520"]
[BlackElo "2545"]
[Annotator "Ribli,Z"]
[PlyCount "82"]
[EventDate "1997.10.08"]
[EventType "tourn"]
[EventRounds "13"]
[EventCountry "ISL"]
[EventCategory "10"]
[SourceTitle "CBM 062"]
[Source "ChessBase"]
[SourceDate "1998.01.31"]
[SourceVersion "1"]
[SourceVersionDate "1998.01.31"]
[SourceQuality "1"]

1. d4 {Ftacnik} Nf6 2. c4 e6 3. g3 d5 4. Bg2 Be7 5. Nf3 O-O 6. O-O dxc4 7. Qc2
a6 8. a4 {Weiß überläßt Schwarz den Punkt b4, unterbindet damit jedoch die
"normale" Entwicklung des Damenflügels mit b7-b5 und Bc8-b7.} (8. Qxc4 {
Diese klassische Variante ist heutzutage weniger populär.} b5 9. Qc2 Bb7 10.
Bd2 (10. Bf4) (10. Bg5)) 8... Bd7 9. Qxc4 Bc6 10. Bg5 a5 11. Nc3 Na6 12. Bxf6
$5 (12. Rac1) 12... Bxf6 13. e4 {Was ist wichtiger? Der weiße Zentrums- und
Raumvorteil, oder das schwarze Läuferpaar? Ich glaube, daß Weiß einen kleinen,
aber dauerhaften Vorteil hat, weil Schwarz über kein aktives Gegenspiel
verfügt und darüber hinaus das Läuferpaar in einer geschlossenen Stellung
nicht so zur Geltung kommt.} Nb4 14. Rfd1 (14. Rad1 Qb8 $5 (14... b6 15. Rfe1
$1 (15. d5 exd5 16. exd5 Bb7 17. Nd4 Bxd4 18. Rxd4 Ba6 19. Nb5 Qd7 20. Rc1 Rac8
$13 {Taylor,G-Rozentalis,E/Toronto op/1995/}) 15... Bb7 16. Qb3 c6 17. h4 h6
18. Rd2 Qc7 19. Nh2 Rfd8 20. Red1 Be7 21. Ng4 Bf8 22. Ne3 Rd7 23. f4 Rad8 24.
Kh2 {Kurajica,B-Zelic,Z/CRO-chT 1996/1-0 (51)}) 15. h4 Rd8 (15... g6) 16. Nh2
Ra6 17. Ng4 Be7 18. Qe2 Be8 $1 19. e5 Qa7 20. Ne3 c6 21. Qg4 h5 22. Qf4 Nd5 23.
Nexd5 cxd5 24. Bf3 Rb6 $5 {1/2-1/2 Fridman,D-Janjgava,L/Anibal op4th 1997 (30)}
) 14... g6 $5 $146 {Eine interessante Idee. Schwarz postiert seinen Läufer auf
g7, von wo aus er das Zentrum kontrolliert.} (14... b6 15. Rac1 (15. Ne1 g6 16.
e5 Bxg2 17. Nxg2 Bg7 18. Ne3 $14 Qe7 19. Rac1 (19. f4 $5 Rfd8 20. d5 exd5 21.
Ncxd5 Nxd5 22. Nxd5 Qe6 23. Rac1 $14) 19... Rfd8 20. Ne4 {1/2-1/2 Beliavsky,
A-Shneider,A/JUG-chT 1995 (36)}) 15... Bb7 16. Qe2 (16. e5 Be7 17. Ne1 {
1/2-1/2 Kaidanov,G-Karpov,A/Tilburg 1993}) 16... Rc8 17. h4 c6 18. Qe3 Qc7 19.
e5 Be7 20. Ng5 c5 21. d5 Nxd5 22. Bxd5 exd5 23. Nxd5 Bxd5 24. Rxd5 Bxg5 25.
hxg5 {Sorokin,M-Servat,R/San Luis Clarin GP 1995/EXT 95/1-0 (96)} (25. hxg5 {
Ftacnik} Rcd8 26. Rcd1 Rxd5 27. Rxd5 Qc6 28. Rd6 Qxa4 29. Rxb6 {Sorokin,
M-Servat,R/San Luis Clarin GP 1995/1-0 (96)})) (14... Rb8 {Ftacnik} 15. Rac1
Qd7 16. b3 Rfd8 17. Qe2 Rbc8 18. h4 Qe8 19. Bh3 Bd7 20. Nb5 Bxb5 21. axb5 c6
22. bxc6 Rxc6 23. Rc4 {Karpov,A-Polgar,J/Dos Hermanas 1997/1/2-1/2 (60)}) 15.
Qe2 {Das ist ein typischer Damenzug. Die Dame steht auf e2 elastischer.} Bg7
16. h4 (16. Ne5 Bxe5 17. dxe5 Qe7 $11) (16. Rd2 Bh6 17. Rdd1 Bg7) (16. Rac1 Bh6
17. Rb1 Bg7 18. Qe3) 16... Qe7 $11 {In Stellungen mit Be7 - statt Bg7 - hat
Schwarz immer Probleme mit seiner Dame. Jetzt setzt Schwarz mit Rad8 und f7-f5
fort und befindet sich in einer angenehmen Stellung.} 17. Qd2 {Weiß findet
keinen Plan. Es wäre viel besser für den Anziehenden, die Türme auf d1 und e1
platziert zu haben.} (17. Rd2 Bh6 18. Rdd1 Bg7 $11) 17... Rad8 18. Rac1 f5 $1
$15 {Natürlich öffnet Schwarz die Stellung für sein Läuferpaar.} (18... Rfe8 {
Ftacnik} 19. Qf4 f5 $5) 19. exf5 (19. e5 $2 Bxf3 20. Bxf3 Bxe5 $17) (19. Qe2 $2
fxe4 20. Nxe4 Bxa4) (19. Qg5 $2 Bf6) 19... gxf5 {Ftacnik: It's difficult to
explain this move, since the control of the f- file with rooks was much
stronger. Es ist schwierig diesen fehlerhaften Zug zu erklären, weil die
Kontrolle der f-Linie mit den Türmen klarerweise vorzuziehen war.} (19... Rxf5
$5 20. Qe3 (20. Qe2 {Ftacnik} Rdf8 21. Ne4 Bxa4 $17) 20... Bxf3 (20... Rdf8 21.
Ne4 Bxa4) 21. Bxf3 Bxd4 22. Rxd4 Rxd4 23. Qxd4 Rxf3 $17) 20. Qe2 Bxf3 21. Qxf3
(21. Bxf3 Bxd4 22. Bxb7 c6 {[%csl Rb7]}) 21... Bxd4 {Der Partiezug scheint
auch vorteilhaft für Schwarz zu sein, aber der ruhige positionelle Bauernzug
bietet ebenfalls bessere Chancen.} (21... c6 $15 {[%csl Rd4]}) 22. Qxb7 f4 {
[%csl Rf2][%cal Gd4f2,Gf8f2]} (22... Bxf2+ $6 23. Kxf2 Nd3+ 24. Rxd3 Rxd3 25.
Ne2 $14) 23. Rxd4 $5 {Dieses Qualitätsopfer eröffnet Weiß Rettungschancen. Das
Opfer war praktisch erzwungen, sonst hätte er die Probleme auf den schwarzen
Feldern nicht lösen können.} (23. Qf3 {Ftacnik} Kh8 $15) 23... Rxd4 24. Ne2 Rd7
(24... fxg3 25. Nxd4 Qxh4 26. Nf3 $14) (24... Rd2 {Ftacnik} 25. Rxc7 Qf6 26.
Qe4 $11) 25. Nxf4 {Weiß hat einen Bauer für die Qualität, aber alle vier
schwarzen Bauern sind isoliert, und Weiß hat einen guten Stützpunkt für seinen
Nf4. Wenn Schwarz hier - wie in der Partie - 25...e5 spielt, bekommt er noch
eine neue Schwäche hinzu.} e5 (25... c6 {Ftacnik} 26. Qb6 e5 27. Nh3 Qd8 $15)
26. Nh3 (26. Nd5 {Ftacnik} Nxd5 (26... Qf7 27. Rxc7 Qxf2+ 28. Kh2 Rxc7 29. Nxc7
$13) 27. Bxd5+ Kh8 $15) 26... Nd3 (26... Rfd8) 27. Rc4 (27. Rd1 {Ftacnik} Rfd8
$15) 27... Qf7 {[%cal Rf2d3,Rf8f2]} (27... c5 28. Qc6 (28. Qb5)) 28. Rc2 Ne1 (
28... Rfd8 29. Ng5 $13) 29. Ng5 $1 Qf6 (29... Qf5 30. Be4) (29... Qe7 {Ftacnik}
30. Bd5+ Kh8 31. Re2) 30. Bd5+ Kh8 31. Re2 $44 {[%csl Gd5,Gg5] Die weißen
Leichtfiguren sind so lebendig, daß ich -trotz des schwarzen Materialvorteils-
nicht sehe, wie Schwarz seine Stellung verbessern könnte.} Nd3 {[%csl Rf2]} 32.
Qb5 {[%cal Rb5d7]} Qd6 (32... Nxf2 $2 33. Qxd7 Nh3+ 34. Qxh3) 33. Be6 (33. Bc4
{Ftacnik} c6 34. Qxa5 Nxf2 $13) (33. Ne6 {Ftacnik} Nf4 34. gxf4 Rg8+ 35. Bg2
Qxe6 36. Qxe5+ Qxe5 37. fxe5 Rd1+ 38. Kh2 Rd4 $13) 33... Re7 (33... c6 34. Qxa5
) (33... Rdd8 34. Nf7+ Rxf7 35. Bxf7 $16) 34. Rd2 {[%cal Gd2d7]} e4 $8 35. Qc4
{Ftacnik: The complex position led very likely to time trouble that will turn
into comedy of errors. Ftacnik: Die komplexe Stellung hat sicher zu Zeitnot
geführt, die dem Zuschauer nun eine Komödie von Fehlern vorführt..} (35. Bf5 $5
Re5 36. Nxe4 Rxb5 37. Nxd6 Rxb2 38. Rxd3 cxd6 (38... cxd6 {Ftacnik} 39. Rd5 Re8
40. Rxa5 Ree2 $11)) 35... Qb4 36. Nxe4 $2 (36. Re2) (36. Qxb4 axb4 37. Bc4 Ne5
$15) (36. Re2 {Ftacnik} Qxc4 37. Bxc4 Nc5 $15) 36... Qxc4 (36... Ne5 $1 37.
Qxb4 (37. Qd5 Nf3+ 38. Kg2 c6 $19 (38... Nxd2 39. Qe5+ Rg7 $19)) 37... Nf3+ 38.
Kg2 axb4 $19 {[%csl Rd2,Re6,Gf3]} (38... axb4 {Ftacnik} 39. Bg4 Ne1+ 40. Kf1
Rxe4 $19)) 37. Bxc4 Ne1 $6 (37... Rxe4 38. Bxd3 Rxa4 $15) (37... Nxb2 38. Rxb2
Rxe4 39. Bb5 $15 {Schwarz hat eine Qualität mehr, aber die Realisierung dieses
Vorteils ist technisch sehr schwierig, weil Weiß über eine solide Stellung
verfügt.} (39. Rc2 {Ftacnik} c6 $15)) 38. Re2 Nf3+ (38... Rfe8 39. Rxe1 Rxe4
40. Rxe4 (40. Rc1 Re1+ 41. Rxe1 Rxe1+ 42. Kg2 $11) 40... Rxe4 41. b3 $11) 39.
Kg2 Nd4 40. Re3 Nc2 41. Re2 (41. Rc3 $4 Ne1+ $19) 41... Nd4 {Remis durch
Zugwiederholung.} 1/2-1/2